| 000 | 00524nam a2200169 4500 | ||
|---|---|---|---|
| 001 | 127681 | ||
| 003 | ES-MaACL | ||
| 005 | 20250418063156.0 | ||
| 007 | t| | ||
| 008 | 070214s1968 sp r ||||1| cat d | ||
| 100 | 1 |
_aRiquer, Martín de, _d1914-2013 _9240061 |
|
| 245 | 1 | 2 |
_aL'arnès del cavaller _b: armes i armadures catalanes medievals / _cMartín de Riquer. |
| 260 |
_aBarcelona : _bAriel, _c1968. |
||
| 300 |
_a239 p., 82 lám. ; _c26 cm. |
||
| 852 |
_aES-MaACL _jC-36910 _bR.68407 |
||
| 999 |
_c127681 _d127681 |
||